Lectures on jurisprudence / (Record no. 4577)
[ view plain ]
| 000 -LEADER | |
|---|---|
| fixed length control field | 00694nam a2200253 a 4500 |
| 001 - CONTROL NUMBER | |
| control field | 4577 |
| 003 - CONTROL NUMBER IDENTIFIER | |
| rucl marc code | UkOxU |
| 005 - DATE AND TIME OF LATEST TRANSACTION | |
| control field | 20211208233921.0 |
| 008 - FIXED-LENGTH DATA ELEMENTS--GENERAL INFORMATION | |
| fixed length control field | 131223s1970 pk 001 0 eng d |
| 020 ## - INTERNATIONAL STANDARD BOOK NUMBER | |
| International Standard Book Number | 0198281889 |
| 035 ## - SYSTEM CONTROL NUMBER | |
| System control number | 0198281889 |
| 040 ## - CATALOGING SOURCE | |
| Original cataloging agency | PSV |
| Transcribing agency | PSV |
| Modifying agency | m.c |
| Language of cataloging | eng |
| 041 ## - LANGUAGE CODE | |
| Language code of text/sound track or separate title | eng |
| 082 ## - DEWEY DECIMAL CLASSIFICATION NUMBER | |
| Edition number | 19 |
| Classification number | 340.1 |
| Author mark and year | QUL 1970 |
| 100 1# - MAIN ENTRY--PERSONAL NAME | |
| Personal name | Qureshi, M H |
| 9 (RLIN) | 14448 |
| 245 10 - TITLE STATEMENT | |
| Title | Lectures on jurisprudence / |
| 260 ## - PUBLICATION, DISTRIBUTION, ETC. (IMPRINT) | |
| Place of publication, distribution, etc. | Karachi, |
| Name of publisher, distributor, etc. | Pakistan Pub. House, |
| Date of publication, distribution, etc. | 1970 |
| 300 ## - PHYSICAL DESCRIPTION | |
| Pagination | v, 191 p. |
| Size | 22 cm. |
| 650 #0 - SUBJECT ADDED ENTRY--TOPICAL TERM | |
| Topical term or geographic name as entry element | Jurisprudence. |
| 9 (RLIN) | 14449 |
| 700 1# - ADDED ENTRY--PERSONAL NAME | |
| Personal name | Meek, Ronald L. |
| Personal name | Raphael, D. D. |
| Fuller form of name | (David Daiches), |
| Dates associated with a name | 1916- |
| Personal name | Stein, Peter, |
| Dates associated with a name | 1926- |
| 942 ## - ADDED ENTRY ELEMENTS (KOHA) | |
| Source of classification or shelving scheme | Dewey Decimal Classification |
| Koha item type | Books |
| Lost status | Source of classification or shelving scheme | Damaged status | Not for loan | Collection code | Permanent Location | Current Location | Shelving location | Date acquired | Source of acquisition | Cost, normal purchase price | Total Checkouts | Full call number | Date last seen | Copy number | Koha item type | Total Renewals | Date checked out |
|---|---|---|---|---|---|---|---|---|---|---|---|---|---|---|---|---|---|
| Dewey Decimal Classification | Not For Loan | Non-fiction | Central Library, University of Rajshahi | Central Library, University of Rajshahi | 24/08/1972 | Wassi book cor. | 5.00 | 340.1 QUL 1970 | 23/12/2013 | C-1 | Books | ||||||
| Dewey Decimal Classification | Non-fiction | Central Library, University of Rajshahi | Central Library, University of Rajshahi | 24/08/1972 | wasi book cor | 5.00 | 11 | 340.1 QUL 1970 | 27/10/2022 | C-3 | Books | 1 | 23/10/2022 |